000 00966nam0a22002651 4500
001 RU\INFOCOMM_318\5000025050
005 20250613102329.0
035 _a(NLR Aleph) 009439613
090 _a8336080
_c8336080
100 _a20121030d1933 |||y0rusy50 ca
101 0 _ager
102 _aRU
105 _ay z |||||
200 1 _aDie Einwirkung von Phosphaten
_eTraubenzucker und Lezithin auf das Frosch. herz.
_eInaug.-Diss. ... zur Erlangung der Doktorwürde der ... Univ. in Königsberg Pr.
_fvorgelegt von Otto Herrich-Schäffer ...
_gAus der Med. Univ. Poliklinik zu Königsberg Pr.
210 _aKönigsberg Pr.
_d1933
215 _a23 с.
_d23 см
316 _aПриплетено 17 ед.
320 _aБиблиогр.: с. 21
620 _aКалининград
700 1 _aHerrich-Schäffer
_bO.
_f1908-
_gOtto
801 1 _aRU
_bNLR
_c20121030
801 0 _aRU
_bINFOCOMM
_gPSBO
852 _aNLR
_jМд17 В-5/24 Аллиг.1
942 _cBOOK
980 _aNB